|
|
|
|
| LEADER |
02233nem a2200517 i 4500 |
| 001 |
001587545 |
| 003 |
CZ BrMZK |
| 005 |
20171005153511.0 |
| 007 |
aj|canzn |
| 008 |
170727s1937 xr a 0| cze d |
| 034 |
1 |
|
|a a
|b 25000
|d E0145000
|e E0150500
|f N0490000
|g N0485230
|
| 040 |
|
|
|a BOA001
|b cze
|e rda
|
| 043 |
|
|
|a e-xr---
|b e-xr-jc
|a e-au---
|
| 072 |
|
7 |
|a 623
|x Vojenská technika
|2 Konspekt
|9 19
|
| 072 |
|
7 |
|a 912
|x Mapy. Atlasy. Glóby
|2 Konspekt
|9 7
|
| 080 |
|
|
|a 623.64
|2 MRF
|
| 080 |
|
|
|a 913(437.319)
|2 MRF
|
| 080 |
|
|
|a (084.3)528.42
|2 MRF
|
| 080 |
|
|
|a (084.3)355/359
|2 MRF
|
| 110 |
2 |
|
|a Vojenský zeměpisný ústav (1945-1951)
|7 ko2005263855
|4 ctg
|4 pbl
|
| 245 |
1 |
0 |
|a [České Velenice].
|p 4454/1 /
|c [K.u.k. Militärgeographisches Institut] ; Vojenský zeměpisný ústav v Praze
|
| 246 |
3 |
0 |
|a 4454/1
|
| 250 |
|
|
|a 3. vydání
|
| 255 |
|
|
|a Měřítko 1:25 000
|c (014°50'00" v.d.--015°05'00" v.d./049°00'00" s.š.--048°52'30" s.š.)
|
| 264 |
|
1 |
|a Praha :
|b Vojenský zeměpisný ústav,
|c 1937
|
| 300 |
|
|
|a 1 mapa :
|b barevná ;
|c 56 x 74 cm, na listu 64 x 80 cm
|
| 336 |
|
|
|a kartografický obraz
|b cri
|2 rdacontent
|
| 337 |
|
|
|a bez média
|b n
|2 rdamedia
|
| 338 |
|
|
|a list
|b nb
|2 rdacarrier
|
| 490 |
1 |
|
|a [Topografická mapa 1:25 000] ;
|v 4454/1, 1937
|
| 490 |
1 |
|
|a [Die Franzisco-Josephinische Landesaufnahme] ;
|v 4454/1, 1937
|
| 490 |
1 |
|
|a [Topografická mapa Československé republiky 1:25 000] ;
|v 4454/1, 1937
|
| 500 |
|
|
|a Dvojbarevný otisk
|
| 500 |
|
|
|a Další údaje o vydání: I. MCMXXXVII
|
| 562 |
|
|
|a Razítko: 1356/37
|5 CZ-BrMZK
|
| 650 |
|
7 |
|a vojenská topografie
|7 ph316247
|2 czenas
|
| 651 |
|
7 |
|a České Velenice (Česko : oblast)
|7 ge132313
|2 czenas
|
| 655 |
|
7 |
|a topografické mapy
|7 fd809173
|2 czenas
|
| 655 |
|
7 |
|a vojenské mapy
|7 fd133817
|2 czenas
|
| 710 |
1 |
|
|a Rakousko-Uhersko.
|b Militärgeographisches Institut
|7 kn20060405003
|4 ant
|
| 830 |
|
0 |
|a Třetí vojenské mapování 1:25 000 ;
|v 4454/1, 1937
|
| 830 |
|
0 |
|a Topografická mapa Československé republiky 1:25 000 ;
|v 4454/1, 1937
|
| 856 |
4 |
1 |
|u http://www.digitalniknihovna.cz/mzk/view/uuid:66146f27-8376-44f1-a8aa-b35b1e18fff7
|y Digitalizovaný dokument
|
| 910 |
|
|
|a BOA001
|b Mpa-0098.366,4454/1-37
|
| 990 |
|
|
|a MP
|
| 991 |
|
|
|b 201707
|